000 00606cam a22002291 4500
001 sa 68008578
003 DLC
005 20260227112533.0
008 890914s1950 xx 000 0 newo
010 _asa 68008578
035 _a(OCoLC)20339655
040 _aDLC
_cWaU
_dDLC
042 _apremarc
050 0 0 _aPL3801.N51
_bB3
100 1 _aBajrācārya, Ādibajra.
245 1 0 _aMūlampuyā tam̆sa va nimhamacāyāmāṃ.
260 _c1070 [1950 or 1]
300 _a7, 39, 3 p.
_c18 cm.
500 _aIn Newari.
650 0 _aNewari language
_xGrammar.
700 1 _aJoshi, Satya Mohan,
_d1920-
999 _c82449
_d82449